| 000 | 00969cam a2200229 4500 | ||
|---|---|---|---|
| 008 | 000000n2001 000 0 eng u | ||
| 020 | _a1859461077 | ||
| 035 | _a(Sirsi) u111824 | ||
| 050 | _a692.8 | ||
| 110 |
_aJoint Contracts Tribunal _93664 |
||
| 245 | 4 | _aThe JCT guide to the use of performance specifications. | |
| 260 |
_aLondon _bRIBA Publications _c2001 |
||
| 300 | _a122p. ; 23cm. | ||
| 350 | _a20.00 | ||
| 520 | _aPrepared in collaboration with Building Design Partnership, the guide gives practical advice on the preparation of performance specifications and the setting up of procedures for establishing compliance. Includes a step by step checklist. | ||
| 650 | _aPERFORMANCE SPECIFICATION | ||
| 650 | _aBUILT ENVIRONMENT-BUILDING CONTRACT FORMS | ||
| 650 | _aJCT STANDARD FORM OF BUILDING CONTRACT (1998 EDITION) | ||
| 690 | _aBUILDING AND CONSTRUCTION-CONTRACTS-JCT CONTRACTS | ||
| 710 |
_aBuilding Design Partnership _91704 |
||
| 942 | _n0 | ||
| 999 |
_c101294 _d101294 |
||